<?xml version="1.0" encoding="UTF-8"?>
<record
    xmlns:xsi="http://www.w3.org/2001/XMLSchema-instance"
    xsi:schemaLocation="http://www.loc.gov/MARC21/slim http://www.loc.gov/standards/marcxml/schema/MARC21slim.xsd"
    xmlns="http://www.loc.gov/MARC21/slim">

  <leader>00705cam a22002291  4500</leader>
  <controlfield tag="001">sa 68001692 </controlfield>
  <controlfield tag="003">DLC</controlfield>
  <controlfield tag="005">20260227112436.0</controlfield>
  <controlfield tag="008">850406s1967    ii            000 1 malx </controlfield>
  <datafield tag="010" ind1=" " ind2=" ">
    <subfield code="a">sa 68001692 </subfield>
  </datafield>
  <datafield tag="020" ind1=" " ind2=" ">
    <subfield code="c">Rs4.00</subfield>
  </datafield>
  <datafield tag="025" ind1=" " ind2=" ">
    <subfield code="a">PL480:I-Mal-1143</subfield>
  </datafield>
  <datafield tag="035" ind1=" " ind2=" ">
    <subfield code="a">(OCoLC)13886520</subfield>
  </datafield>
  <datafield tag="040" ind1=" " ind2=" ">
    <subfield code="a">DLC</subfield>
    <subfield code="c">NN</subfield>
    <subfield code="d">DLC</subfield>
  </datafield>
  <datafield tag="042" ind1=" " ind2=" ">
    <subfield code="a">premarc</subfield>
  </datafield>
  <datafield tag="050" ind1="0" ind2="0">
    <subfield code="a">PL4718.9.V28</subfield>
    <subfield code="b">V4</subfield>
  </datafield>
  <datafield tag="100" ind1="1" ind2=" ">
    <subfield code="a">Varkey, Muttathu,</subfield>
    <subfield code="d">1915-</subfield>
  </datafield>
  <datafield tag="245" ind1="1" ind2="0">
    <subfield code="a">Ve&#x1E37;utta katr&#x332;&#x12B;na,</subfield>
    <subfield code="b">n&#x14D;val.</subfield>
    <subfield code="c">[Granthakartt&#x101;] Mu&#x1E6D;&#x1E6D;attu Varkki.</subfield>
  </datafield>
  <datafield tag="260" ind1=" " ind2=" ">
    <subfield code="a">K&#x14D;&#x1E6D;&#x1E6D;aya&#x1E43;,</subfield>
    <subfield code="b">S&#x101;hity&#x2BC;apr&#x332;avarttaka Sahakara&#x1E47;asa&#x1E43;gha&#x1E43;;</subfield>
    <subfield code="b">[Sales Dept.] N&#x101;&#x1E63;anal Bukk&#x227;st&#x332;t&#x332;&#x101;&#x1E37;</subfield>
    <subfield code="c">[1967]</subfield>
  </datafield>
  <datafield tag="300" ind1=" " ind2=" ">
    <subfield code="a">276 p.</subfield>
    <subfield code="c">19 cm.</subfield>
  </datafield>
  <datafield tag="500" ind1=" " ind2=" ">
    <subfield code="a">In Malayalam.</subfield>
  </datafield>
  <datafield tag="999" ind1=" " ind2=" ">
    <subfield code="c">78154</subfield>
    <subfield code="d">78154</subfield>
  </datafield>
</record>
